000 00310nam a22001457a 4500
008 221219b ||||| |||| 00| 0 eng d
020 _a0813320194
041 _aeng
080 _a159.9
082 _a159.9GOL
100 _a25
101 _aPSI
245 _aAESTHETIC VALUE
_cGOLDMAN H A
942 _2udc
_cBK
999 _c59209
_d59209